Home Print Resources E-Books E-Journals IIMT Lecture Series Library Membership Form Book Recommendation Form Campus Tour Take AdmissionAbout Us Contact Us

RESEARCH METHODOLOGY AND STATISTICAL TECHNIQUES (Record no. 1245)

000 -LEADER
fixed length control field 00394nam a2200157Ia 4500
003 - CONTROL NUMBER IDENTIFIER
control field OSt
005 - DATE AND TIME OF LATEST TRANSACTION
control field 20240307155325.0
008 - FIXED-LENGTH DATA ELEMENTS--GENERAL INFORMATION
fixed length control field 170523s9999 xx 000 0 und d
020 ## - INTERNATIONAL STANDARD BOOK NUMBER
International Standard Book Number 978-8171005017
040 ## - CATALOGING SOURCE
Transcribing agency IIMTU MEERUT
100 ## - MAIN ENTRY--PERSONAL NAME
Personal name GUPTA- SANTOSH
245 #0 - TITLE STATEMENT
Title RESEARCH METHODOLOGY AND STATISTICAL TECHNIQUES
260 ## - PUBLICATION, DISTRIBUTION, ETC.
Name of publisher, distributor, etc. DEEP AND DEEP PUBLICATION
260 ## - PUBLICATION, DISTRIBUTION, ETC.
Date of publication, distribution, etc. 2003
942 ## - ADDED ENTRY ELEMENTS (KOHA)
Source of classification or shelving scheme
Koha item type Book Bank
Holdings
Withdrawn status Lost status Source of classification or shelving scheme Damaged status Not for loan Home library Current library Date acquired Coded location qualifier Barcode Date last seen Uniform Resource Identifier Price effective from Koha item type Public note Total Checkouts Date last checked out
          IIMT University Central Library Meerut IIMT University Central Library Meerut 05/31/2017 Dept. MBA 01-B-5682 05/31/2017 RESEARCH METHODOLOGY 05/31/2017 Book Bank management departmental library books update march 2019    
          IIMT University Central Library Meerut IIMT University Central Library Meerut 05/31/2017   01-B-5683 02/18/2022 RESEARCH METHODOLOGY 05/31/2017 Book Bank   1 02/18/2022
          IIMT University Central Library Meerut IIMT University Central Library Meerut 05/31/2017   01-B-5684 05/31/2017 RESEARCH METHODOLOGY 05/31/2017 Book Bank      
          IIMT University Central Library Meerut IIMT University Central Library Meerut 05/31/2017   01-B-5685 05/31/2017 RESEARCH METHODOLOGY 05/31/2017 Book Bank      
IIMT, Central Library. All Rights Reserved IIMT,UNIVERSITY © 2023
Implemented and Customised by I CLOUDE EMS
You Are OPAC Visitor No
free web counter

Powered by Koha